000 00250nam a22001217a 4500
003 SGT
082 _a398.095
_bYAG
100 _aYAGNIK HASU
245 _aFOLKLORE OF GUJARAT
260 _aINDIA
_bNBTA PUB
_c2011
300 _a206
942 _2ddc
_cBK
999 _c33886
_d33886